Culture Générale - Série 2124 - Statistiques

Statistiques générales
  • Ce quiz a été pris 98 fois
  • Le résultat moyen est 5 sur 10
Statistiques - réponses
Question Réponse % Correct
A quel pays correspondent les lettres "DK" dans l'immatriculation d'une voiture ? Danemark
96%
Quel nom rime avec Paul-Loup Sulitzer dans la chanson "Foule sentimentale" d'Alain Souchon ? prénom et nom - voir photo Claudia Schiffer
75%
Dans la mythologie grecque, qui est la première femme (associée à une boite) ? Pandore
75%
Sous quel nom est plus connu l'acide désoxyribonucléique ? ADN
67%
Dans quel jeu télévisé faut-il éviter de tirer des boules noires ? motus
59%
Quel philosophe est l'auteur de "la Critique de la raison pure" ? Emmanuel Kant
52%
Quel prénom porte l'héroïne de la comédie musicale "West Side Story", en 1961 - rôle interprété par Natalie Wood ? Maria
36%
Sous quel pseudonyme connaissait-on mieux William Frederick Cody ? Buffalo Bill
35%
A quel écrivain doit-on "Plateforme" et "les Particules élémentaires" ? prénom et nom Michel Houellebecq
30%
Qui a réalisé "Je vous trouve très beau" en 2006 avec Michel Blanc dans le rôle d' Aymé Pigrenet ? prénom et nom Isabelle Mergault
23%
Aucun quiz correspondant
Distribution des résultats
% des personnes avec chaque résultat
Percentile par nombre de réponses
Votre historique - résultats
Vous n’avez pas pris ce quiz